[Event "Ceriano Laghetto op-C 19th"]
[Site "Ceriano Laghetto"]
[Date "2010.03.??"]
[Round "2"]
[White "Annoni, Tiziano"]
[Black "Bertuolo, Sergio"]
[Result "1-0"]
[WhiteElo "1473"]
[BlackElo "1559"]
[PlyCount "61"]
[EventDate "2010.03.??"]
[EventType "swiss"]
[EventRounds "5"]
[EventCountry "ITA"]
[SourceTitle "EXT 2024"]
[Source "ChessBase"]
[SourceDate "2023.10.10"]
[SourceVersion "1"]
[SourceVersionDate "2023.10.10"]
[SourceQuality "1"]

1. e4 e6 2. d4 d5 3. Nc3 Bb4 4. Bd3 dxe4 5. Bxe4 Nf6 6. Bd3 Nd5 7. Nge2 c5 8. dxc5 Bd7 9. Bd2 Bxc5 10. Nxd5 exd5 11. 0-0 Nc6 12. Nf4 Ne7 13. Re1 Bc6 14. Qg4 Qb6 15. Be3 Bxe3 16. Rxe3 d4 17. Re2 Kd8 18. Qg5 Qc7 19. Rae1 Re8 20. Bxh7 Qd6 21. Bd3 Qh6 22. Qe5 Kc8 23. Qxd4 Qg5 24. Qe5 Qxe5 25. Rxe5 Kd7 26. Bc4 f6 27. R5e3 g5 28. Nh5 Ng8 29. Rxe8 Rxe8 30. Rxe8 Ne7 31. Nxf6+ 1-0

[Event "Ceriano Laghetto op-C 19th"]
[Site "Ceriano Laghetto"]
[Date "2010.03.??"]
[Round "3"]
[White "Monticelli, Francesco"]
[Black "Annoni, Tiziano"]
[Result "1-0"]
[WhiteElo "1590"]
[BlackElo "1473"]
[PlyCount "102"]
[EventDate "2010.03.??"]
[EventType "swiss"]
[EventRounds "5"]
[EventCountry "ITA"]
[SourceTitle "EXT 2024"]
[Source "ChessBase"]
[SourceDate "2023.10.10"]
[SourceVersion "1"]
[SourceVersionDate "2023.10.10"]
[SourceQuality "1"]

1. e4 e5 2. Nf3 Nc6 3. Bc4 Bc5 4. 0-0 d6 5. c3 Nf6 6. d4 Bb6 7. d5 Nb8 8. h3 Nxe4 9. Be3 0-0 10. Bxb6 axb6 11. Bd3 Nc5 12. Bc2 e4 13. Nfd2 Qg5 14. Nxe4 Nxe4 15. Bxe4 Bxh3 16. Qd3 f5 17. Qxh3 fxe4 18. Qe6+ Kh8 19. Qxe4 Nd7 20. Na3 Nc5 21. Qd4 Rf4 22. Qd3 Raf8 23. Rad1 Nd7 24. Nb5 Ne5 25. Qg3 Rg4 26. f4 Qf5 27. Qe3 Qc2 28. Rd2 Nc4 29. Qe7 Qf5 30. Rdf2 h5 31. Nxc7 h4 32. Ne6 Rf6 33. Ng5 Nxb2 34. Qe8+ Rf8 35. Qh5+ Kg8 36. Rxb2 h3 37. Qxh3 Rxg5 38. Qxf5 Rgxf5 39. Rxb6 Rxd5 40. Rxb7 Ra8 41. Rb2 Ra3 42. Rc1 Rc5 43. Rbc2 Rc4 44. g3 Kf7 45. Kf2 Kf6 46. Ke3 Rca4 47. Ra1 Kf5 48. Kf3 Rc4 49. g4+ Kg6 50. Rd1 Raxc3+ 51. Rxc3 Rxc3+ 1-0

[Event "Modena Province-ch"]
[Site "Ceriano Laghetto"]
[Date "2010.02.??"]
[Round "2"]
[White "Annoni, Tiziano"]
[Black "Origgio, Stefano"]
[Result "0-1"]
[WhiteElo "1473"]
[BlackElo "1668"]
[PlyCount "74"]
[EventDate "2010.02.02"]
[EventType "swiss"]
[EventRounds "6"]
[EventCountry "ITA"]
[SourceTitle "EXT 2024"]
[Source "ChessBase"]
[SourceDate "2023.10.10"]
[SourceVersion "1"]
[SourceVersionDate "2023.10.10"]
[SourceQuality "1"]

1. e4 e5 2. Nf3 Nc6 3. Bb5 a6 4. Ba4 Nf6 5. 0-0 Be7 6. Re1 b5 7. Bb3 d6 8. c3 0-0 9. h3 Bb7 10. d4 Re8 11. Nbd2 Bf8 12. Nf1 exd4 13. cxd4 Na5 14. e5 Nxb3 15. Qxb3 dxe5 16. Nxe5 Qd5 17. Qg3 Qxd4 18. Nxf7 Kxf7 19. Qxc7+ Qd7 20. Qxd7+ Nxd7 21. Be3 Ne5 22. b3 Rac8 23. Red1 Red8 24. Nh2 Rxd1+ 25. Rxd1 Rc7 26. Bf4 Rd7 27. Rc1 Nd3 28. Rd1 Rd5 29. Be3 Nb2 30. Rxd5 Bxd5 31. Ng4 Bd6 32. f3 Nd3 33. Kf1 Nb4 34. a3 Nc2 35. b4 Nxa3 36. Bc5 Bxc5 37. bxc5 b4 0-1

[Event "Modena Province-ch"]
[Site "Ceriano Laghetto"]
[Date "2010.02.??"]
[Round "1"]
[White "Conta, Diego"]
[Black "Annoni, Tiziano"]
[Result "1-0"]
[WhiteElo "1763"]
[BlackElo "1473"]
[PlyCount "143"]
[EventDate "2010.02.02"]
[EventType "swiss"]
[EventRounds "6"]
[EventCountry "ITA"]
[SourceTitle "EXT 2024"]
[Source "ChessBase"]
[SourceDate "2023.10.10"]
[SourceVersion "1"]
[SourceVersionDate "2023.10.10"]
[SourceQuality "1"]

1. d4 d5 2. c4 c6 3. Nc3 Nf6 4. Nf3 Nbd7 5. Bf4 e6 6. e3 Bb4 7. a3 Be7 8. c5 Nh5 9. Bg3 b6 10. cxb6 axb6 11. Bd3 Nxg3 12. hxg3 h6 13. Qc2 Ba6 14. Qe2 Bxd3 15. Qxd3 c5 16. dxc5 bxc5 17. 0-0 c4 18. Qe2 0-0 19. e4 Nc5 20. exd5 exd5 21. Ne5 Bf6 22. Ng4 Bxc3 23. bxc3 Re8 24. Qc2 Qb6 25. Ne3 Red8 26. Qf5 Qe6 27. Qf3 Ne4 28. Rfe1 Nd2 29. Qe2 Ne4 30. Nxc4 Nxc3 31. Qc2 Qf6 32. Ne5 d4 33. Nd3 Qd6 34. Qb3 Rdb8 35. Qc4 Ra4 36. Qc5 Nb5 37. Reb1 Qa6 38. Qe7 Rb7 39. Qe8+ Kh7 40. Qe4+ Kg8 41. Nc5 Nd6 42. Nxa6 Nxe4 43. Rxb7 Rxa6 44. Rb4 Nc3 45. Kf1 Rd6 46. Rc4 f6 47. a4 Kf7 48. a5 Ra6 49. Rxd4 Ke6 50. Re1+ Kf7 51. Rd7+ Kg6 52. Ra1 Ne4 53. Rb7 Nd2+ 54. Kg1 Nc4 55. Rc7 Rxa5 56. Rxa5 Nxa5 57. Kf1 Nb3 58. Ke2 Nd4+ 59. Ke3 Ne6 60. Ra7 Nc5 61. f4 Ne6 62. g4 Kh7 63. Ke4 Nc5+ 64. Kf5 Nb3 65. Ke6 Nd4+ 66. Kf7 Ne2 67. f5 Nf4 68. g3 Nh3 69. Kf8 Ng5 70. Rxg7+ Kh8 71. Rxg5 hxg5 72. Kf7 1-0

[Event "Ceriano Laghetto op"]
[Site "Ceriano Laghetto"]
[Date "2009.03.10"]
[Round "6"]
[White "Moroni, Luca Jr"]
[Black "Annoni, Tiziano"]
[Result "0-1"]
[WhiteElo "1545"]
[BlackElo "1428"]
[PlyCount "72"]
[EventDate "2009.02.03"]
[EventType "swiss"]
[EventRounds "6"]
[EventCountry "ITA"]
[SourceTitle "EXT 2011"]
[Source "ChessBase"]
[SourceDate "2010.11.26"]
[SourceVersion "1"]
[SourceVersionDate "2010.11.26"]
[SourceQuality "1"]

1. e4 e5 2. Nf3 Nc6 3. Bc4 Bc5 4. Nc3 Nf6 5. d3 a6 6. a3 d6 7. 0-0 0-0 8. Bg5 h6 9. Bh4 g5 10. Bg3 Bg4 11. h3 Bh5 12. Bh2 Nd4 13. g4 Bg6 14. Nd5 Ne6 15. Nxf6+ Qxf6 16. Bxe6 fxe6 17. Nd2 Rf7 18. Bg3 Raf8 19. Qe2 Rh7 20. Kg2 h5 21. Qf3 Qh8 22. Qe2 Qf6 23. b4 Bd4 24. Rab1 h4 25. Bh2 Be8 26. Nb3 Ba7 27. Qd2 Qf3+ 28. Kg1 Qxh3 29. Qe2 Rhf7 30. d4 exd4 31. Rbd1 Bb5 32. Qd2 Qxg4+ 33. Kh1 Bxf1 34. Rxf1 d3 35. Rg1 Qf3+ 36. Rg2 h3 0-1

[Event "Ceriano Laghetto op"]
[Site "Ceriano Laghetto"]
[Date "2009.02.24"]
[Round "4"]
[White "Annoni, Tiziano"]
[Black "Origgio, Stefano"]
[Result "1/2-1/2"]
[WhiteElo "1428"]
[BlackElo "1551"]
[PlyCount "102"]
[EventDate "2009.02.03"]
[EventType "swiss"]
[EventRounds "6"]
[EventCountry "ITA"]
[SourceTitle "EXT 2011"]
[Source "ChessBase"]
[SourceDate "2010.11.26"]
[SourceVersion "1"]
[SourceVersionDate "2010.11.26"]
[SourceQuality "1"]

1. e4 e5 2. Nf3 Nc6 3. Bb5 a6 4. Ba4 Nf6 5. 0-0 Be7 6. Re1 b5 7. Bb3 d6 8. c3 0-0 9. h3 Bb7 10. d3 Re8 11. Nbd2 Bf8 12. Ng5 Re7 13. Nf1 h6 14. Nf3 Na5 15. Bc2 c5 16. b4 cxb4 17. cxb4 Nc6 18. a3 Rc7 19. Bb2 Rac8 20. Rc1 a5 21. Bc3 axb4 22. axb4 Ne7 23. Bb2 Ng6 24. Qd2 Nf4 25. Kh2 Qd7 26. Ng3 g6 27. Bb3 Kh7 28. Rxc7 Rxc7 29. d4 Ne6 30. dxe5 dxe5 31. Bxe5 Qxd2 32. Nxd2 Rd7 33. Bxf6 Rxd2 34. Bc3 Rxf2 35. Kg1 Rf4 36. Rd1 Kg8 37. Bd2 Rh4 38. Bxe6 fxe6 39. Re1 Bd6 40. Kf2 h5 41. Bg5 Bxg3+ 42. Kxg3 Rxe4 43. Rxe4 Bxe4 44. Kf2 Kf7 45. g3 Ke8 46. Ke3 Bf5 47. h4 Kd7 48. Kd4 Kc6 49. Ke5 Kd7 50. Bf4 Bg4 51. Bg5 Bh3 1/2-1/2

[Event "Ceriano Laghetto op-C 17th"]
[Site "Ceriano Laghetto"]
[Date "2008.03.29"]
[Round "2"]
[White "Annoni, Tiziano"]
[Black "Loi, Alberto"]
[Result "0-1"]
[WhiteElo "1407"]
[BlackElo "1481"]
[PlyCount "40"]
[EventDate "2008.03.28"]
[EventType "swiss"]
[EventRounds "5"]
[EventCountry "ITA"]
[SourceTitle "EXT 2011"]
[Source "ChessBase"]
[SourceDate "2010.11.26"]
[SourceVersion "1"]
[SourceVersionDate "2010.11.26"]
[SourceQuality "1"]

1. e4 e5 2. Nf3 Nc6 3. Bc4 Nf6 4. 0-0 d6 5. Ng5 Bg4 6. Bxf7+ Kd7 7. f3 h6 8. fxg4 hxg5 9. Qf3 Nd4 10. Qf2 Nxg4 11. Be6+ Nxe6 12. Qg3 Nxh2 13. Rf7+ Be7 14. Nc3 Qg8 15. Rxe7+ Kxe7 16. d3 Rf8 17. Bxg5+ Nxg5 18. Qxg5+ Kd7 19. Nd5 Qf7 20. Ne3 Qf2+ 0-1